00817nam a2200241Ia 450000100060000000300090000600800410001504000130005604000130006904100130008210000250009510000290012024500260014924500880017525000110026326000110027426000090028526000490029430000550034350001110039865000350050965000310054419966IT-RoPAU130308s9999 xx 000 0 und d aIT-RoPAU cIT-RoPAU aITALIANO aBettetini Gianfranco gCodice Aut. SPICS: 9215 aMass media e famiglia bMass Media e Famiglia-Atti del congresso internazionale (Milano, 25-29 Giugno 1981) a1a ed. aMILANO bCisf c1982 [1° Ed.:1982 - Ed.Ling.Originale:1981] a"8 p. (prefazione: no ; testo: 8 [pagine: 19-26])" aDiscorso delle comunicazioni di Massa Mass Media e Ideologia Recettore Lavoro Sull'Utenza e Sugli Apparati aSAGGI DI COMUNICAZIONE SOCIALE eCodice materia Spics: 3807